[Event "Paris-ch op"]
[Site "Paris"]
[Date "2002.07.08"]
[Round "3"]
[White "Debray, Christopher"]
[Black "Bakus, Michel"]
[Result "1-0"]
[WhiteElo "2095"]
[BlackElo "2204"]
[PlyCount "45"]
[EventDate "2002.07.06"]
[EventType "swiss"]
[EventRounds "9"]
[EventCountry "FRA"]
[SourceTitle "CBM 089 Extra"]
[Source "ChessBase"]
[SourceDate "2002.09.10"]
[SourceVersion "2"]
[SourceVersionDate "2002.09.10"]
[SourceQuality "1"]

1. e4 c5 2. Nf3 e6 3. d4 cxd4 4. Nxd4 Nc6 5. Nc3 Qc7 6. Be3 Nf6 7. Bd3 a6 8. 0-0 b5 9. Kh1 Bb7 10. f4 b4 11. e5 bxc3 12. exf6 cxb2 13. Rb1 gxf6 14. Rxb2 Nxd4 15. Bxd4 Rg8 16. Rf2 Be7 17. Bxh7 Rh8 18. Qd3 Bd5 19. Be4 Bc4 20. Qc3 Rc8 21. Bxf6 Qc5 22. Bd4 Rxh2+ 23. Kxh2 1-0

[Event "Paris-ch op"]
[Site "Paris"]
[Date "2000.07.21"]
[Round "7"]
[White "Bakus, Michel"]
[Black "Berthelot, Yannick"]
[Result "0-1"]
[WhiteElo "2170"]
[BlackElo "2312"]
[PlyCount "50"]
[EventDate "2000.07.15"]
[EventType "swiss"]
[EventRounds "9"]
[EventCountry "FRA"]
[SourceTitle "EXT 2001"]
[Source "ChessBase"]
[SourceDate "2000.11.22"]
[SourceVersion "1"]
[SourceVersionDate "2000.11.22"]
[SourceQuality "1"]

1. e4 c5 2. Nf3 Nc6 3. d4 cxd4 4. Nxd4 Nf6 5. Nc3 d6 6. Bg5 e6 7. Qd2 a6 8. 0-0-0 h6 9. Be3 Be7 10. f4 Bd7 11. Bd3 b5 12. h3 Nxd4 13. Bxd4 b4 14. Ne2 e5 15. Be3 Qa5 16. Kb1 0-0 17. g4 exf4 18. Bxf4 Be6 19. b3 d5 20. Ng3 dxe4 21. Nxe4 Nxe4 22. Bxe4 Rad8 23. Bd3 Bf6 24. Qh2 Rd5 25. Be4 Qxa2+ 0-1

[Event "Syre Memorial op 23rd"]
[Site "Issy les Moulineaux"]
[Date "2000.06.02"]
[Round "2"]
[White "Bakus, Michel"]
[Black "Demarre, Jacques"]
[Result "1-0"]
[WhiteElo "2162"]
[BlackElo "2324"]
[PlyCount "89"]
[EventDate "2000.06.01"]
[EventType "swiss"]
[EventRounds "6"]
[EventCountry "FRA"]
[SourceTitle "CBM 076 Extra"]
[Source "ChessBase"]
[SourceDate "2000.07.11"]
[SourceVersion "1"]
[SourceVersionDate "2000.07.11"]
[SourceQuality "1"]

1. e4 e5 2. Nf3 Nc6 3. Bb5 a6 4. Ba4 Nf6 5. 0-0 Nxe4 6. d4 b5 7. Bb3 d5 8. dxe5 Be6 9. Nbd2 Be7 10. c3 0-0 11. Bc2 f5 12. Nb3 Qd7 13. Nfd4 Nxd4 14. Nxd4 c5 15. Nxe6 Qxe6 16. f3 Ng5 17. Qe1 a5 18. a4 b4 19. Qg3 Nf7 20. f4 Rab8 21. Rd1 Rfd8 22. Bd2 c4 23. Rf1 Bc5+ 24. Be3 d4 25. cxd4 Bxd4 26. Bxd4 Rxd4 27. Rad1 Rbd8 28. Rxd4 Rxd4 29. Qe3 Rd5 30. h3 g6 31. Qa7 Rd2 32. Bd1 Rxb2 33. Bf3 c3 34. Qa8+ Kg7 35. Bd5 Qb6+ 36. Kh1 c2 37. Qe8 Qc7 38. e6 Nd6 39. Qd7+ Qxd7 40. exd7 Rb1 41. d8Q Rxf1+ 42. Kh2 c1Q 43. Qg8+ Kh6 44. Qf8+ Kh5 45. Bf3+ 1-0

[Event "Saint Quentin op"]
[Site "Saint Quentin"]
[Date "2000.??.??"]
[Round "3"]
[White "Bakus, Michel"]
[Black "Lallemand, Roza"]
[Result "0-1"]
[WhiteElo "2162"]
[BlackElo "2340"]
[PlyCount "62"]
[EventDate "2000.??.??"]
[EventType "swiss"]
[EventRounds "9"]
[EventCountry "FRA"]
[SourceTitle "EXT 2001"]
[Source "ChessBase"]
[SourceDate "2000.11.22"]
[SourceVersion "1"]
[SourceVersionDate "2000.11.22"]
[SourceQuality "1"]

1. e4 c5 2. Nf3 Nc6 3. d4 cxd4 4. Nxd4 e6 5. Be2 Qc7 6. Nc3 a6 7. 0-0 Nf6 8. Kh1 Nxd4 9. Qxd4 Bc5 10. Qd3 h5 11. f4 Ng4 12. e5 d5 13. Qg3 Bd7 14. Bd2 0-0-0 15. Bxg4 hxg4 16. Qxg4 f5 17. Qg3 Rh6 18. h3 d4 19. Nd1 Bb5 20. Re1 Bc6 21. Kh2 Qf7 22. Rg1 Qh5 23. b4 Ba7 24. a4 Rdh8 25. Ra3 d3 26. Be3 Qe2 27. Bf2 dxc2 28. Ne3 Qd2 29. b5 c1Q 30. Rxc1 Qxc1 31. bxc6 Qxa3 0-1

[Event "Saint Quentin op"]
[Site "Saint Quentin"]
[Date "2000.??.??"]
[Round "6"]
[White "Shirazi, Kamran"]
[Black "Bakus, Michel"]
[Result "1-0"]
[WhiteElo "2399"]
[BlackElo "2162"]
[PlyCount "115"]
[EventDate "2000.??.??"]
[EventType "swiss"]
[EventRounds "9"]
[EventCountry "FRA"]
[SourceTitle "EXT 2001"]
[Source "ChessBase"]
[SourceDate "2000.11.22"]
[SourceVersion "1"]
[SourceVersionDate "2000.11.22"]
[SourceQuality "1"]

1. d4 d5 2. c4 e6 3. Nf3 c5 4. cxd5 exd5 5. g3 Nc6 6. Bg2 Nf6 7. 0-0 Be7 8. dxc5 Bxc5 9. a3 0-0 10. b4 Bb6 11. Bb2 Re8 12. Nc3 Be6 13. Na4 Ne4 14. Rc1 Rc8 15. Nxb6 Qxb6 16. Qd3 a6 17. e3 Rcd8 18. Bd4 Nxd4 19. Nxd4 Bd7 20. h4 h6 21. Qc2 Rc8 22. Qa2 Qd6 23. Rfe1 Qf6 24. Bf3 Qd6 25. Kg2 b6 26. Qd2 a5 27. Qb2 axb4 28. axb4 Qf6 29. Rxc8 Rxc8 30. Ra1 Qd6 31. Be2 Qc7 32. Ba6 Ra8 33. Rc1 Qd6 34. Bb7 Rd8 35. Qa2 Be6 36. Rc2 Qxb4 37. Nc6 Qd6 38. Nxd8 Qxd8 39. Qa8 Qxa8 40. Bxa8 b5 41. Bc6 Kf8 42. Bxb5 Ke7 43. Rc7+ Kd6 44. Ra7 Nf6 45. f3 Kc5 46. Ba4 d4 47. e4 g5 48. h5 g4 49. Bc2 gxf3+ 50. Kxf3 Bg4+ 51. Kf4 Be2 52. g4 Nxg4 53. e5 Ne3 54. Be4 Bxh5 55. e6 f5 56. Bf3 Bxf3 57. Kxf3 Kd6 58. e7 1-0

[Event "Paris-ch op"]
[Site "Paris"]
[Date "1999.07.24"]
[Round "8"]
[White "Bakus, Michel"]
[Black "Pass, Deborah"]
[Result "1-0"]
[WhiteElo "2147"]
[BlackElo "2030"]
[PlyCount "49"]
[EventDate "1999.07.17"]
[EventType "swiss"]
[EventRounds "9"]
[EventCountry "FRA"]
[SourceTitle "EXT 2000"]
[Source "ChessBase"]
[SourceDate "1999.11.16"]
[SourceVersion "1"]
[SourceVersionDate "1999.11.16"]
[SourceQuality "1"]

1. e4 g6 2. d4 Bg7 3. Nc3 c6 4. Be3 d5 5. e5 h5 6. Qd2 Nh6 7. Nf3 Bg4 8. Be2 Nf5 9. e6 f6 10. Bd3 Qd6 11. h3 Bxf3 12. Bxf5 gxf5 13. gxf3 Qxe6 14. 0-0-0 Nd7 15. Rde1 Qf7 16. Qd3 e6 17. Bf4 0-0-0 18. Nb5 Ne5 19. Nxa7+ Kb8 20. dxe5 fxe5 21. Rxe5 Qc7 22. Rhe1 Kxa7 23. Qa3+ Kb8 24. Qe3 d4 25. Qd2 1-0

[Event "Saint Quentin op"]
[Site "Saint Quentin"]
[Date "1999.04.24"]
[Round "8"]
[White "Guez, Fabien"]
[Black "Bakus, Michel"]
[Result "0-1"]
[WhiteElo "2110"]
[BlackElo "2160"]
[PlyCount "116"]
[EventDate "1999.04.??"]
[EventType "swiss"]
[EventRounds "9"]
[EventCountry "FRA"]
[SourceTitle "EXT 2000"]
[Source "ChessBase"]
[SourceDate "1999.11.16"]
[SourceVersion "1"]
[SourceVersionDate "1999.11.16"]
[SourceQuality "1"]

1. e4 c5 2. Nf3 e6 3. d4 cxd4 4. Nxd4 Nc6 5. g3 Qc7 6. Nc3 a6 7. Bg2 Nf6 8. 0-0 Be7 9. Re1 0-0 10. Nxc6 bxc6 11. b3 Bb4 12. Bb2 d5 13. Qd3 Bb7 14. Rad1 Rfd8 15. exd5 cxd5 16. Qd4 Bc5 17. Qh4 Rac8 18. Re2 Be7 19. Qd4 Ne8 20. Na4 Bc6 21. Bc1 Bf6 22. Qg4 Bb5 23. Red2 Qa5 24. Bf1 Bxa4 25. Qxa4 Qxa4 26. bxa4 Bc3 27. Bxa6 Bxd2 28. Rxd2 Ra8 29. Bb5 Nc7 30. c3 f6 31. Kf1 Kf7 32. Ke2 e5 33. Kd3 Ke6 34. Rb2 Na6 35. Be3 Rdc8 36. f3 f5 37. Kd2 Nc5 38. Rb4 Kd6 39. Rh4 h6 40. h3 Ra5 41. Bxc5+ Rxc5 42. g4 f4 43. Kd3 Rcxb5 44. axb5 Rxa2 45. Rh5 Rf2 46. b6 Rxf3+ 47. Kc2 Re3 48. g5 hxg5 49. Rxg5 Kc6 50. Rg6+ Kb7 51. Rxg7+ Kxb6 52. h4 Kc6 53. h5 Rh3 54. Rg6+ Kc5 55. Rh6 e4 56. Rf6 Rh2+ 57. Kd1 f3 58. Ke1 Kc4 0-1

[Event "Saint Quentin op"]
[Site "Saint Quentin"]
[Date "1999.04.19"]
[Round "3"]
[White "Bakus, Michel"]
[Black "Graziani, Jacques"]
[Result "0-1"]
[WhiteElo "2160"]
[BlackElo "2021"]
[PlyCount "136"]
[EventDate "1999.04.??"]
[EventType "swiss"]
[EventRounds "9"]
[EventCountry "FRA"]
[SourceTitle "EXT 2000"]
[Source "ChessBase"]
[SourceDate "1999.11.16"]
[SourceVersion "1"]
[SourceVersionDate "1999.11.16"]
[SourceQuality "1"]

1. e4 d6 2. d4 Nf6 3. Nc3 g6 4. Be3 c6 5. Qd2 b5 6. f3 Bg7 7. 0-0-0 0-0 8. h4 b4 9. Nce2 Qa5 10. Kb1 Be6 11. Nc1 Na6 12. Bh6 Nc7 13. Bxg7 Kxg7 14. h5 Rh8 15. h6+ Kf8 16. g4 Nb5 17. Bxb5 Qxb5 18. Nge2 a5 19. Nf4 Bd7 20. g5 Ne8 21. Rhe1 a4 22. Ng2 Nc7 23. d5 b3 24. cxb3 axb3 25. Nxb3 Rg8 26. Ne3 Qa4 27. Nc1 cxd5 28. b3 Qa7 29. exd5 Nb5 30. Ne2 Na3+ 31. Ka1 Qxe3 32. Qxe3 Nc2+ 33. Kb2 Nxe3 34. Rd3 Nf5 35. Rc1 Ke8 36. Nc3 Kd8 37. a4 Rf8 38. b4 f6 39. f4 fxg5 40. fxg5 Nh4 41. b5 Rf2+ 42. Kb3 Rg2 43. Rd4 Nf5 44. Rf4 e5 45. Rff1 Nd4+ 46. Ka3 Ke7 47. Rb1 Rg3 48. Kb4 Nc2+ 49. Kb3 Ne3 50. Rg1 Rf3 51. Ka2 Nc4 52. Rb3 Rf2+ 53. Ka1 Nb6 54. Ra3 Nc4 55. Rb3 e4 56. Re1 e3 57. Rb4 Rc8 58. b6 Ne5 59. Rxe3 Rf1+ 60. Ka2 Rf2+ 61. Ka3 Kd8 62. b7 Rb8 63. a5 Rxb7 64. Rxb7 Nc4+ 65. Kb4 Nxe3 66. Rb8+ Kc7 67. Rh8 Rb2+ 68. Ka3 Nc4# 0-1

[Event "Paris op"]
[Site "Paris"]
[Date "1998.??.??"]
[Round "6"]
[White "Damen, Oussama"]
[Black "Bakus, Michel"]
[Result "1-0"]
[WhiteElo "2045"]
[BlackElo "2170"]
[PlyCount "53"]
[EventDate "1998.07.??"]
[EventType "swiss"]
[EventRounds "9"]
[EventCountry "FRA"]
[SourceTitle "EXT 2000"]
[Source "ChessBase"]
[SourceDate "1999.11.16"]
[SourceVersion "1"]
[SourceVersionDate "1999.11.16"]
[SourceQuality "1"]

1. d4 d5 2. c4 e6 3. Nc3 c5 4. cxd5 cxd4 5. Qa4+ Bd7 6. Qxd4 exd5 7. Qxd5 Nc6 8. e3 Nf6 9. Qd1 Bc5 10. Nf3 Qe7 11. a3 0-0-0 12. Qc2 Kb8 13. Be2 g5 14. b4 Bb6 15. Bb2 g4 16. Nd2 Rc8 17. 0-0 Rhg8 18. Nc4 Bc7 19. Nb5 Nxb4 20. axb4 Bxb5 21. Qf5 Bxc4 22. Bxc4 Ne4 23. Bd4 a6 24. Bxa6 bxa6 25. Rxa6 Rg5 26. Ra8+ Kxa8 27. Qxc8+ 1-0

[Event "Cannes op-B 18th"]
[Site "Cannes"]
[Date "1997.??.??"]
[Round "1"]
[White "Bakus, Michel"]
[Black "Moltchanov, Roman"]
[Result "0-1"]
[WhiteElo "2200"]
[BlackElo "2285"]
[PlyCount "76"]
[EventDate "1997.02.22"]
[EventType "swiss"]
[EventRounds "9"]
[EventCountry "FRA"]
[SourceTitle "CBM 057 Extra"]
[Source "ChessBase"]
[SourceDate "1997.05.01"]
[SourceVersion "1"]
[SourceVersionDate "1997.05.01"]
[SourceQuality "1"]

1. e4 c5 2. Nf3 e6 3. d4 cxd4 4. Nxd4 Nc6 5. Nc3 Qc7 6. Be2 a6 7. 0-0 Nf6 8. Kh1 b5 9. Nxc6 dxc6 10. a3 e5 11. f4 Bd6 12. f5 Bb7 13. Bg5 h6 14. Bxf6 gxf6 15. a4 Rd8 16. Bd3 Ke7 17. axb5 axb5 18. Qh5 Bc5 19. Qe2 h5 20. Rab1 Ra8 21. Ra1 Qb8 22. Rxa8 Qxa8 23. Nd1 h4 24. h3 Qa2 25. c3 Rd8 26. Nf2 Bb6 27. Bb1 Qb3 28. Kh2 b4 29. Nd1 Qa4 30. Bc2 b3 31. Bd3 Rxd3 32. Qxd3 Ba6 33. Qf3 Bxf1 34. Qxf1 Qxe4 35. c4 Bd4 36. g3 Qc2+ 37. Kh1 hxg3 38. Nc3 Qh2# 0-1

[Event "FRA-ch op FIDE"]
[Site "Paris"]
[Date "1994.??.??"]
[Round "9"]
[White "Bakus, Michel"]
[Black "Alfonsi, Jean Francois"]
[Result "0-1"]
[WhiteElo "2250"]
[BlackElo "2000"]
[PlyCount "124"]
[EventDate "1994.??.??"]
[EventType "swiss"]
[EventRounds "9"]
[EventCountry "FRA"]
[SourceTitle "EXT 1998"]
[Source "ChessBase"]
[SourceDate "1997.11.17"]
[SourceVersion "1"]
[SourceVersionDate "1997.11.17"]
[SourceQuality "1"]

1. e4 c6 2. d4 d5 3. e5 g6 4. h3 Bg7 5. Nf3 Bf5 6. Be2 h5 7. 0-0 Qb6 8. Nc3 Na6 9. a3 Nh6 10. b4 Qd8 11. Bf4 Nc7 12. Qd2 Ne6 13. Be3 f6 14. exf6 exf6 15. Nh4 Kf7 16. Qd1 Qc7 17. Bxh5 Nf4 18. Nxf5 Nxf5 19. Bxf4 Qxf4 20. Ne2 Qg5 21. Bg4 Nd6 22. f4 Qh6 23. f5 gxf5 24. Bxf5 Nc4 25. Qd3 Rae8 26. Rf3 Nb2 27. Qb3 Rxe2 28. Qxb2 Qd2 29. Rg3 Bh6 30. Rf1 Rg8 31. Bg4 Be3+ 32. Kh1 Rf2 33. Qb1 Bxd4 34. c3 Rxf1+ 35. Qxf1 Bxc3 36. Be6+ Kxe6 37. Rxg8 Kf7 38. Rb8 b5 39. Rb7+ Ke6 40. Rxa7 Be5 41. Ra8 Qc3 42. Re8+ Kd7 43. Rg8 d4 44. a4 bxa4 45. b5 cxb5 46. Qf5+ Ke7 47. Qh7+ Ke6 48. Re8+ Kd5 49. Rd8+ Kc4 50. Rc8+ Kb3 51. Rxc3+ dxc3 52. Qb1+ Ka3 53. Qxb5 c2 54. Qc4 Kb2 55. Qb4+ Ka2 56. Qc4+ Kb1 57. Qd3 Bb2 58. g4 a3 59. Kg2 a2 60. Kg3 a1Q 61. Kh4 Qa4 62. Kh5 Ka1 0-1

[Event "Chania op 4th"]
[Site "Chania"]
[Date "1994.??.??"]
[Round "2"]
[White "Bakus, Michel"]
[Black "Kumaran, Dharshan"]
[Result "0-1"]
[WhiteElo "2215"]
[BlackElo "2495"]
[PlyCount "98"]
[EventDate "1994.08.??"]
[EventType "swiss"]
[EventRounds "9"]
[EventCountry "GRE"]
[SourceTitle "EXT 1998"]
[Source "ChessBase"]
[SourceDate "1997.11.17"]
[SourceVersion "1"]
[SourceVersionDate "1997.11.17"]
[SourceQuality "1"]

1. e4 c5 2. Nc3 Nc6 3. g3 g6 4. Bg2 Bg7 5. d3 d6 6. f4 e6 7. Nf3 Nge7 8. 0-0 0-0 9. Be3 b6 10. Bf2 d5 11. exd5 exd5 12. d4 Ba6 13. Re1 c4 14. Ne5 Bb7 15. Re2 a6 16. h3 b5 17. a3 Qd6 18. Kh2 Rad8 19. Qd2 Qc7 20. Nxc6 Bxc6 21. Rae1 Bf6 22. g4 Nc8 23. Bg3 Qb6 24. Bf2 a5 25. g5 Bg7 26. h4 Nd6 27. Re5 Bxe5 28. dxe5 d4 29. Qxd4 Qxd4 30. Bxd4 Nf5 31. Bxc6 Nxd4 32. Be4 b4 33. axb4 axb4 34. Nd5 Nxc2 35. Rc1 b3 36. Kh3 Kg7 37. h5 gxh5 38. Kh4 Rd7 39. Nf6 Rd2 40. Nxh5+ Kh8 41. Nf6 Rfd8 42. Rh1 Rd1 43. Rh2 R8d2 44. Rh3 Rg1 45. Bd5 Rd4 46. Be4 Rd2 47. Kh5 Kg7 48. Ne8+ Kf8 49. Nf6 c3 0-1

[Event "Syre Memorial op 17th"]
[Site "Issy les Moulineaux"]
[Date "1994.??.??"]
[Round "1"]
[White "Dachraoui, Tarek"]
[Black "Bakus, Michel"]
[Result "0-1"]
[WhiteElo "1950"]
[BlackElo "2250"]
[PlyCount "84"]
[EventDate "1994.05.??"]
[EventType "swiss"]
[EventRounds "6"]
[EventCountry "FRA"]
[SourceTitle "EXT 2004"]
[Source "ChessBase"]
[SourceDate "2003.11.25"]
[SourceVersion "1"]
[SourceVersionDate "2003.11.25"]
[SourceQuality "1"]

1. e4 c5 2. Nf3 e6 3. d4 cxd4 4. Nxd4 Nc6 5. Nc3 Qc7 6. Nxc6 bxc6 7. Be2 Nf6 8. 0-0 d5 9. Bf3 Bd6 10. g3 0-0 11. Be3 Rb8 12. Rb1 Be5 13. Qd3 Qa5 14. Bd2 Ba6 15. Nxd5 Bxd3 16. Ne7+ Kh8 17. Bxa5 Bxf1 18. Kxf1 Rxb2 19. Rxb2 Bxb2 20. Nxc6 Rc8 21. e5 Nd5 22. Nxa7 Rxc2 23. Bd1 Rc5 24. Bd2 Bxe5 25. a4 Bc3 26. Be3 Nxe3+ 27. fxe3 g6 28. Nb5 Ba5 29. Nd4 Kg7 30. Be2 Kf6 31. Kg2 Rc3 32. e4 Bb6 33. Nb5 Rc2 34. Kf3 Ke5 35. h4 h5 36. a5 Bxa5 37. Kf2 Bb4 38. Kf1 Kxe4 39. Bd1 Rb2 40. Nc7 Bd6 41. Na6 Ke3 42. g4 Rb1 0-1

[Event "Syre Memorial op 17th"]
[Site "Issy les Moulineaux"]
[Date "1994.??.??"]
[Round "5"]
[White "Medina Lopez, Jose"]
[Black "Bakus, Michel"]
[Result "0-1"]
[WhiteElo "1820"]
[BlackElo "2250"]
[PlyCount "122"]
[EventDate "1994.05.??"]
[EventType "swiss"]
[EventRounds "6"]
[EventCountry "FRA"]
[SourceTitle "EXT 2004"]
[Source "ChessBase"]
[SourceDate "2003.11.25"]
[SourceVersion "1"]
[SourceVersionDate "2003.11.25"]
[SourceQuality "1"]

1. e4 c5 2. Nf3 e6 3. Nc3 Nc6 4. d4 cxd4 5. Nxd4 Qc7 6. Be3 a6 7. Qd2 b5 8. Bd3 Bb7 9. Nxc6 Qxc6 10. Ne2 Nf6 11. Nd4 Qc7 12. f3 Bc5 13. Nb3 Bxe3 14. Qxe3 Rc8 15. 0-0-0 e5 16. Rhe1 0-0 17. Qd2 d6 18. Kb1 Rfd8 19. Qa5 Qb8 20. Qb4 Qc7 21. Qa5 Nd7 22. Qxc7 Rxc7 23. Bf1 Nb6 24. Rd2 Kf8 25. Na5 Bc8 26. Red1 Ke7 27. g3 Be6 28. f4 f6 29. f5 Bf7 30. g4 d5 31. exd5 Rxd5 32. Bg2 Rxd2 33. Rxd2 Be8 34. Kc1 g6 35. Be4 Na4 36. Nb3 Rc4 37. Re2 Nb6 38. h3 Nc8 39. fxg6 hxg6 40. Bb7 Nd6 41. Bd5 Rf4 42. Nd2 Rd4 43. Bg2 Bd7 44. b3 b4 45. g5 Bb5 46. gxf6+ Kxf6 47. Ne4+ Nxe4 48. Rxe4 Rxe4 49. Bxe4 g5 50. Kd2 Bf1 51. c4 Bxh3 52. Bb7 a5 53. Ke3 Bf5 54. c5 Ke7 55. Bf3 Kd7 56. Bg2 g4 57. Ba8 Bb1 58. Kd2 g3 59. Bg2 Kc7 60. Kc1 Bf5 61. Kd2 Bd7 0-1

[Event "Syre Memorial op 16th"]
[Site "Issy les Moulineaux"]
[Date "1993.??.??"]
[Round "5"]
[White "Le Bideau, Alain"]
[Black "Bakus, Michel"]
[Result "1-0"]
[WhiteElo "2250"]
[BlackElo "2010"]
[PlyCount "117"]
[EventDate "1993.05.??"]
[EventType "swiss"]
[EventRounds "6"]
[EventCountry "FRA"]
[SourceTitle "EXT 2004"]
[Source "ChessBase"]
[SourceDate "2003.11.25"]
[SourceVersion "1"]
[SourceVersionDate "2003.11.25"]
[SourceQuality "1"]

1. e4 c5 2. Nf3 e6 3. Nc3 Nc6 4. Bb5 Nge7 5. 0-0 a6 6. Bxc6 Nxc6 7. d4 cxd4 8. Nxd4 Qc7 9. Nxc6 bxc6 10. Be3 d5 11. exd5 cxd5 12. Qd4 Bb7 13. Rfe1 Bd6 14. Bg5 0-0 15. Qg4 Bxh2+ 16. Kh1 Bd6 17. Bf6 g6 18. Rad1 Rfe8 19. Rd3 Be7 20. Be5 Qd8 21. Rh3 Bf6 22. Qf4 Bxe5 23. Rxe5 f6 24. Qh6 Qe7 25. Rxe6 Qf7 26. Rxf6 Qg7 27. Qxg7+ Kxg7 28. Rb6 Rab8 29. Rd3 d4 30. Na4 Be4 31. Rxd4 Rxb6 32. Nxb6 Bxc2 33. Rd7+ Kh6 34. Rd2 Bb1 35. a3 Kg5 36. Nc4 Rc8 37. Ne3 Rc6 38. Kh2 h5 39. Rd4 Ba2 40. Kg3 Rb6 41. f4+ Kf6 42. b4 Rc6 43. Kf2 Ke6 44. Rd3 Bb1 45. Rb3 Be4 46. a4 Rc1 47. b5 axb5 48. axb5 Kd6 49. b6 Bb7 50. Kg3 Rc5 51. Kh4 Kd7 52. g3 Ke6 53. Rb4 Kf6 54. Rd4 Ke6 55. Nc4 Bf3 56. Ne5 Be2 57. Nxg6 Rb5 58. Re4+ Kf5 59. Re5+ 1-0